| 000 | 00566nam a2200169 4500 | ||
|---|---|---|---|
| 999 |
_c12546 _d12546 |
||
| 008 | 240219b ||||| |||| 00| 0 eng d | ||
| 040 | _aBMS College of Architecture | ||
| 100 | _a Ashwini Manoj | ||
| 245 | _aFilm Crafts' collection soundstage film institute and studios,coimbatore,TN | ||
| 300 | _a71p, | ||
| 500 | _a1CF19AT014 | ||
| 502 |
_8B,Arch _NBMS College of Architecture, Visvesvaraya Technological University (VTU) _aProject report _d2023 |
||
| 650 | _aFilm city | ||
| 700 |
_aDakshayini R Patil _eGuide |
||
| 710 | _aSubodh Khandekar | ||
| 942 | _2ddc | ||